000 00817pam a2200241 a 4500
001 TB12320
003 IN-BhIIT
005 20250311172931.0
008 930302s1994 enka b 001 0 eng
020 _a0521443504 (hardback)
020 _a9780521448109 (pbk.)
040 _aIN-BhIIT
041 _aeng
082 0 0 _a530.44
_bSTU/P
100 1 _aSturrock, Peter A.
_eAuthor
_925756
245 1 0 _aPlasma physics :
_ban introduction to the theory of astrophysical, geophysical, and laboratory plasmas /
_cby Peter A. Sturrock.
260 _aNew York :
_bCambridge University Press,
_c1994.
300 _axii, 335 p. :
_bill. ;
_c26 cm.
504 _aIncludes bibliographical references (p. 325-328) and indexes.
650 0 _aPlasma (Ionized gases)
_91298
650 0 _aMagnetohydrodynamics.
_925757
942 _cTB
999 _c14801
_d14801